000 00402 a2200145 4500
005 20250627145427.0
020 _a0-07-250476-5
082 _a301 NEU.
100 _aNEUBECK, J. K.
245 _aSociology, Diversity, Conflict, And Change,
260 _aNew York,
_bMc Graw Hill Companies,
_c2005.
300 _axix.; 573p.; Ill.; picture,
_bIndex,
_c25cm.
700 _aGLASBERG, S. D.
942 _2ddc
_cBKS
999 _c5702
_d5702